Материалы по истории волнений на крепостных мануфактурах в XVIII веке (Запись № 6863862)

Подробности
000 -МАРКЕР
контрольное поле 01577nam0a22003011 4500
001 - ИДЕНТИФИКАТОР ЗАПИСИ
контрольное поле rc\2735319
005 - ИДЕНТИФИКАТОР ВЕРСИИ
контрольное поле 20250529135300.0
035 ## - ДРУГИЕ СИСТЕМНЫЕ НОМЕРА
Идентификатор записи (NLR Aleph) 006862644
100 ## - ДАННЫЕ ОБЩЕЙ ОБРАБОТКИ
Данные общей обработки 20110915d1937 |||y0rusy50 ca
101 0# - ЯЗЫК РЕСУРСА
Язык текста, звукозаписи и т.д. русский
102 ## - СТРАНА ПУБЛИКАЦИИ ИЛИ ПРОИЗВОДСТВА
Страна публикации Российская Федерация
105 ## - ПОЛЕ КОДИРОВАННЫХ ДАННЫХ: ТЕКСТОВЫЕ МАТЕРИАЛЫ, МОНОГРАФИЧЕСКИЕ
Кодированные данные о монографическом текстовом документе e z |||||
200 1# - ЗАГЛАВИЕ И СВЕДЕНИЯ ОБ ОТВЕТСТВЕННОСТИ
Основное заглавие Материалы по истории волнений на крепостных мануфактурах в XVIII веке
Первые сведения об ответственности [Предисл.: А. В. Предтеченский]
Последующие сведения об ответственности Акад. наук СССР. Ин-т истории
-- Над выявлением и оформлением материалов работали: Н. Г. Богданова, И. В. Мешалин, Р. Б. Мюллер и Н. С. Чаев
210 ## - ПУБЛИКАЦИЯ, РАСПРОСТРАНЕНИЕ И ДР.
Место издания, распространения и т.д. Москва
-- Ленинград
Имя издателя, распространителя и т. д. Изд-во Акад. наук СССР
Дата издания, распространения и т.д. 1937
Место изготовления Ленинград
Имя изготовителя тип. Акад. наук СССР
215 ## - ФИЗИЧЕСКАЯ ХАРАКТЕРИСТИКА
Специфическое обозначение материала и объем Переплет, XXVII, 468 с.
Размеры 26х17 см.
300 ## - ОБЩИЕ ПРИМЕЧАНИЯ
Текст примечания Из введения: "Над выявлением и оформлением материалов работали: Н. Г. Богданова, И. В. Мешалин, Р. Б. Мюллер и Н. С. Чаев"
702 #1 - ИМЯ ЛИЦА - ВТОРИЧНАЯ ОТВЕТСТВЕННОСТЬ
Начальный элемент ввода Мешалин
Часть имени, кроме начального элемента ввода И.В.
Код отношения Составитель
702 #1 - ИМЯ ЛИЦА - ВТОРИЧНАЯ ОТВЕТСТВЕННОСТЬ
Начальный элемент ввода Мюллер
Часть имени, кроме начального элемента ввода Р.Б.
Код отношения Составитель
702 #1 - ИМЯ ЛИЦА - ВТОРИЧНАЯ ОТВЕТСТВЕННОСТЬ
Начальный элемент ввода Чаев
Часть имени, кроме начального элемента ввода Н.С.
Код отношения Составитель
702 #1 - ИМЯ ЛИЦА - ВТОРИЧНАЯ ОТВЕТСТВЕННОСТЬ
Начальный элемент ввода Богданова
Часть имени, кроме начального элемента ввода Н.Г.
Код отношения Составитель
702 #1 - ИМЯ ЛИЦА - ВТОРИЧНАЯ ОТВЕТСТВЕННОСТЬ
Начальный элемент ввода Предтеченский
Часть имени, кроме начального элемента ввода А.В.
Расширение инициалов личного имени Анатолий Васильевич
Код отношения Автор введения, предисловия, примечания и т.п.
801 #0 - ИСТОЧНИК ЗАПИСИ
Страна Российская Федерация
Организация NLR
Правила каталогизации psbo
801 #1 - ИСТОЧНИК ЗАПИСИ
Страна Российская Федерация
Организация ELAR
Источник данных rusmarc
852 ## - МЕСТОНАХОЖДЕНИЕ И ШИФР ХРАНЕНИЯ
Идентификатор организации NLR
Шифр хранения (Call Number) 37-5/308
942 ## - ДОПОЛНИТЕЛЬНЫЕ ЭЛЕМЕНТЫ ЗАПИСИ (АБИС)
Тип экземпляра АБИС Книга
980 ## - КОЛЛЕКЦИЯ
Название коллекции Национальная библиография
Экземпляры
Тип экземпляра Дата поступления Библиотека постоянного хранения Библиотека текущего хранения Место хранения Шифр хранения Штрих-код Статус экземпляра
Книга 26.10.2013 РНБ (Садовая) РНБ (Садовая) Русский книжный фонд -Главное здание, Ленинский читальный зал 37-5/308 1-4036566